| Tag |
First Indicator |
Second Indicator |
Subfields |
| LEADER |
00000cam a22000001i 4500 |
| 001 |
in00000050353 |
| 005 |
20151007071805.0 |
| 008 |
730202s1962 inua 000 0 eng |
| 010 |
|
|
|a 62008976
|
| 016 |
7 |
|
|a CAT11018409
|2 DNAL
|
| 016 |
7 |
|
|a 05321270R
|2 DNLM
|
| 016 |
7 |
|
|a 002581011
|2 Uk
|
| 019 |
|
|
|a 551214
|a 13836513
|
| 035 |
|
|
|a (OCoLC)ocm14593539
|
| 035 |
|
|
|a (OCoLC)14593539
|z (OCoLC)551214
|z (OCoLC)13836513
|
| 040 |
|
|
|a DNLM
|b eng
|c NLM
|d AGL
|d CGC
|d NZ1
|d OCLCG
|d AU@
|d UPM
|d CGU
|d UBA
|d SBH
|d NLGGC
|d LVB
|d CCV
|d NMH
|d ZWZ
|d DEBBG
|d UKMGB
|d EUW
|d BDX
|d OCLCO
|d OCLCF
|d OCLCQ
|d OCLCO
|d UtOrBLW
|
| 049 |
|
|
|a TXAM
|
| 050 |
0 |
0 |
|a QH431
|b .M943
|
| 060 |
0 |
0 |
|a QH 431
|b M958s 1962
|
| 070 |
0 |
|
|a 443
|b M91
|
| 072 |
|
0 |
|a X300
|
| 082 |
0 |
4 |
|a 575.1081
|
| 084 |
|
|
|a 42.20
|2 bcl
|
| 084 |
|
|
|a WG 1062
|2 rvk
|
| 090 |
|
|
|a QH431
|b .M943
|
| 100 |
1 |
|
|a Muller, H. J.
|q (Hermann Joseph),
|d 1890-1967.
|
| 245 |
1 |
0 |
|a Studies in genetics :
|b the selected papers of H.J. Muller.
|
| 264 |
|
1 |
|a Bloomington, IN :
|b Indiana Univ. Press,
|c 1962.
|
| 300 |
|
|
|a xvi, 618 pages :
|b illustrations, portraits ;
|c 24 cm
|
| 336 |
|
|
|a text
|b txt
|2 rdacontent
|
| 337 |
|
|
|a unmediated
|b n
|2 rdamedia
|
| 338 |
|
|
|a volume
|b nc
|2 rdacarrier
|
| 650 |
|
0 |
|a Genetics.
|
| 650 |
|
2 |
|a Genetics.
|
| 650 |
|
6 |
|a Génétique.
|
| 650 |
|
7 |
|a Genetics.
|2 fast
|0 (OCoLC)fst00940117
|
| 650 |
|
7 |
|a Biologia Geral.
|2 larpcal
|
| 650 |
|
7 |
|a Genetica.
|2 larpcal
|
| 650 |
|
7 |
|a Génétique.
|2 ram
|
| 650 |
0 |
7 |
|a Genetik.
|2 swd
|
| 776 |
0 |
8 |
|i Online version:
|a Muller, H.J. (Hermann Joseph), 1890-1967.
|t Studies in genetics.
|d Bloomington, IN: Indiana Univ. Press, 1962
|w (OCoLC)551341130
|
| 776 |
0 |
8 |
|i Online version:
|a Muller, H.J. (Hermann Joseph), 1890-1967.
|t Studies in genetics.
|d Bloomington, IN: Indiana Univ. Press, 1962
|w (OCoLC)609172985
|
| 994 |
|
|
|a C0
|b TXA
|
| 999 |
|
|
|a MARS
|
| 999 |
f |
f |
|s e729a273-f623-3b2b-b812-20b32b169303
|i e52191b2-a6f7-3fe2-8314-2edcac57134e
|t 0
|
| 952 |
f |
f |
|p normal
|a Texas A&M University
|b College Station
|c Sterling C. Evans Library
|d Evans: Library Stacks
|t 0
|e QH431 .M943
|h Library of Congress classification
|i unmediated -- volume
|m A14800979052
|
| 998 |
f |
f |
|a QH431 .M943
|t 0
|l Evans: Library Stacks
|